000 00717nam a2200289Ia 4500
005 20260324134056.0
008 008 260324s9999 xx 000 0 eng d
020 _a9781410602503
037 _aEBOOK
040 _aCRL
040 _beng
040 _cCRL
041 _2eng
041 _aeng
084 _qCRL
100 _aTeresa L. McCarty
_91171965
245 2 _aA Place to Be Navajo
245 0 _bRough Rock and the Struggle for Self-Determination in Indigenous Schooling
260 _bTaylor and Francis
260 _c2002
365 _a
365 _b230
856 _uhttp://www.taylorfrancis.com/books/9781410602503
942 _cEBOOK
999 _c1795168
_d1795168